Memoria Dirección de Obras Portuarias, Ministerio de Obras Publicas
Guardat en:
| Autor corporatiu: | |
|---|---|
| Format: | Llibre |
| Idioma: | espanyol |
| Publicat: |
Santiago
Ministerio de Obras Públicas
2009
|
| Matèries: | |
| Etiquetes: |
Afegir etiqueta
Sense etiquetes, Sigues el primer a etiquetar aquest registre!
|
MARC
| LEADER | 00000nam a2200000 a 4500 | ||
|---|---|---|---|
| 001 | UCH2737 | ||
| 003 | CL-VaPUC | ||
| 008 | 090624e20090000CL |||||||||||||||||spa|d | ||
| 082 | 0 | 4 | |a 627.31 |b MIN |2 21 |
| 110 | 2 | |a Ministerio de Obras Públicas |e author |9 537742 | |
| 245 | 1 | 0 | |a Memoria Dirección de Obras Portuarias, Ministerio de Obras Publicas |
| 300 | |a 64 p | ||
| 942 | |c BK | ||
| 945 | |d 20090624 00:00:00 |a rbrito | ||
| 260 | |a Santiago |b Ministerio de Obras Públicas |c 2009 | ||
| 650 | 7 | |a OBRAS PORTUARIAS |2 CL-VaPUC |9 507532 | |
| 650 | 7 | |a EMBARCADEROS |2 CL-VaPUC |9 537743 | |
| 650 | 7 | |a CONSTRUCCIONES PORTUARIAS |2 CL-VaPUC |9 537744 | |
| 650 | 0 | |a Obras públicas |9 261125 | |
| 583 | |a last modification |c 20090624 00:00:00 |k Rodrigo Vera | ||
| 999 | |c 334438 |d 334436 | ||
| 952 | |0 0 |1 1 |4 0 |6 627_310000000000000_MIN_2009 |7 0 |8 A |9 423484 |a BIBARQ |b BIBARQ |d 2019-11-22 |i 4567129 |o 627.31 MIN 2009 |p 4567129 |r 2019-11-22 |w 2019-11-22 |x Retirado en Inventario 2023 |y BK |k ARQ | ||